原神 元素爆発ボイス - Statistics

General Stats
  • This quiz has been taken 372 times
  • The average score is 54 of 94
Answer Stats
元素爆発ボイス キャラクター % Correct
海よ、私は帰ってきた。 ヌヴィレット
95%
メイドの礼儀に気を付けます。 ノエル
95%
これこそが知恵の殿堂—— ナヒーダ
93%
ビッグウェーブ――ざぶーんっ! ムアラニ
93%
神里流…水囿! 神里綾人
83%
ファッションは、私が定義する。 千織
82%
稲光、すなわち永遠なり。 雷電将軍
82%
古華奥義。 行秋
80%
聞け!太陽の咆哮を! マーヴィカ
78%
イッツ・ショータイム! リネ
78%
君ごときが、僕を直視する気か? 放浪者
77%
シトラリン、イツパパ、ゴーよ! シトラリ
77%
神里流…霜滅! 神里綾華
75%
風だ~ ウェンティ
75%
天動万象。 鍾離
75%
反省しなさい、酔っぱらいさん! ディオナ
73%
このダンスをあなたに。 ニィロウ
73%
ぜーんぶドカーン! クレー
73%
雨のような…矢を! アンバー
72%
鬼王のお通りだ! 荒瀧一斗
72%
火炎よー燃やし尽くせ。 ディルック
71%
頼むよ、コレアンバー! コレイ
71%
ロックの時間だぞ! 辛炎
70%
ウェンツァイ、出番だ! 嘉明
70%
ファイアー!ま、岩元素なんだけどね。 ナヴィア
70%
仙人のご光来だ! 閑雲
69%
終わりね~撤収! 夜蘭
69%
世界を熱狂の渦に。 フリーナ
69%
…この瞬間、お前は永遠を手にする。 ガイア
69%
診断結果は、今すぐお注射ね。 シグウィン
69%
高評価、よろしくお願いしますっ! 綺良々
68%
た~まや~! 宵宮
68%
全力攻撃だ! ベネット
68%
理論の演繹。 アルハイゼン
67%
腕の見せ所ですの! ドリー
66%
特ダネよ! シャルロット
65%
七五式モジュール! スクロース
65%
ンフフフン~フフン~ バーバラ
64%
オレが守るよ。 トーマ
63%
常道を恢弘せしは、永遠なる鳴神なり! 九条裟羅
61%
月のように永遠なれ。 アルレッキーノ
61%
運命よ、ここにいでよ。 モナ
61%
ダイブ…準備完了。 フレミネ
61%
隙を見せるのは、ほんの一瞬だ! タルタリヤ
61%
痺れさせちゃうわよ。 リサ
61%
我が名は度厄真君なり。 七七
60%
寒いから気を付けろよ。 リオセスリ
59%
これが「海山」を滅ぼした力だ! 北斗
59%
剣に誓う! ジン
58%
深海の加護! 珊瑚宮心海
57%
燎原の蝶! 胡桃
57%
こちらに注目。 リネット
57%
極寒…私の意のままに。 レイラ
55%
夜神に報いるために。 キィニチ
55%
琉璃のように落ちなさい。 甘雨
55%
お前にやろう、受け取れ! ファルザン
54%
妖魔め、立ち去れ! 重雲
54%
夜の幻現! フィッシュル
54%
剣光よ、世の乱れを斬り尽くせ! 刻晴
54%
治療は僕にお任せを! ミカ
51%
炎食いの刑! 煙緋
51%
悪を見極め、影を狩り尽くす! クロリンデ
50%
黄葉を、散らまく惜しみ。 楓原万葉
50%
悪夢よ悪夢よ、飛んでいけ… 夢見月瑞希
50%
嵐よ! 鹿野院平蔵
48%
氷浪のように唸れ—— エウルア
48%
根こそぎにしてあげる! ティナリ
47%
全弾…発射! チャスカ
46%
氷霜よ、化神となれ! 申鶴
46%
行け、もう自由だ オロルン
45%
命の重みを知りなさい。 白朮
45%
靖妖儺舞。
44%
脚光を浴びるとしよう! カーヴェ
44%
アフマルの在りし栄光よ! セトス
44%
ヴァーディクト! ロサリア
43%
この身で…万象を粛清する。 セノ
42%
法の裁きを受けて来い。 シュヴルーズ
42%
沸け、山の血! シロネン
41%
偉業を見届けよ。 アルベド
40%
その命、頂いたわ。 凝光
37%
霧となって散りなさい。 エミリエ
36%
ひらひら~ 藍硯
36%
歯ぁ食いしばれよ! ディシア
36%
せーのっ…! ヨォーヨ
34%
アハ……ハァ! 香菱
34%
先声後実! ゴロー
33%
守るために戦わねば! キャンディス
31%
ドドーン! 早柚
30%
命に応えよ! 雲菫
29%
近づかないで。 カチーナ
29%
真瞳の顕現。 八重神子
29%
おとなしくしな! 久岐忍
29%
ちょっとしたテクニックさ。 アーロイ
27%
んあ! レザー
25%
No matching quizzes found
Score Distribution
Percent of People with Each Score
Percentile by Number Answered
Your Score History
You have not taken this quiz